000 02482nam0a2200385 4500
001 RU\NLR\BIBL_A\012142196
005 20191203103204.0
010 _a978-5-696-05031-7
_9300
021 _aRU
_bКН-П-19-080643
_9КН-П-19-5853
035 _a(NLR Aleph) 012142196
035 _a(RuMoRGB)010134126
090 _a12103012
_c12103012
100 _a20191118d2019 k y0rusy50 ca
101 0 _arus
102 _aRU
105 _ay|||z|||000zy
200 1 _aУправление в правоохранительной сфере: траектории развития
_eмонография
_f[А.Я. Кодинцев, А.Д. Магденко, Л.Ф. Иванова и др.]
_gпод редакцией З.Р. Танаевой
_gМинистерство науки и высшего образования Российской Федерации, Южно-Уральский государственный университет (национальный исследовательский университет), Юридический институт
210 _aЧелябинск
_cИздательский центр ЮУрГУ
_d2019
215 _a166, [1] с.
_d21
300 _aВ конце кн. авт.: Кодинцев А.Я. - д-р юрид. наук, доц., проф., Магденко А.Д., Иванова Л.Ф. - кандидаты юрид. наук, доценты [и др.]
300 _aАвт. указаны на обороте тит. л.
320 _aБиблиогр.: с. 149-166 (270 назв.) и в подстроч. примеч.
606 1 _aПравоохранительные органы
_xУправление
_yРоссийская Федерация
_2nlr_sh2
_3RU\NLR\AUTH\661531743
686 1 _aХ629.0
701 1 _aКодинцев
_bА. Я.
_gАлександр Яковлевич
701 1 _aМагденко
_bА. Д.
_gАлександр Дмитриевич
701 1 _aИванова
_bЛ. Ф.
_cканд. юрид. наук
_gЛилия Фанисовна
_3RU\NLR\AUTH\77110182
702 1 _aТанаева
_bЗ. Р.
_gЗамфира Рафисовна
_4340
712 0 2 _aЮжно-Уральский государственный университет
_cЧелябинск
_bЮридический институт
_3RU\NLR\AUTH\880473476
_4570
942 _cBOOK
980 _aNBR
980 _aNB